Advances in transport processes /

Guardado en:
Otros Autores: Mujumdar, Arun S., (Editor , ed.), Mashelkar, R. A., (Editor , ed.)
Formato: Libro
Idioma:English
Publicado: New Delhi : Wiley Eastern Limited, c1980-
Materias:
Etiquetas: Agregar Etiqueta
Sin Etiquetas, Sea el primero en etiquetar este registro!
LEADER 01005nam a22002415a 4500
001 EIQ.libpla002075
008 070410s1980####ii#a##########001#0#eng#d
005 20080528174502.0
245 0 0 |a Advances in transport processes /  |c edited by Arun S. Mujumdar ; associate editor R. A. Mashelkar. 
260 |a New Delhi :  |b Wiley Eastern Limited,  |c c1980- 
300 |a v. :  |b il. ;  |c 23 cm. 
500 |a Incluye índice. 
020 |z 0852265843 (v. 1) 
020 |a 0852265859 (v. 2) 
700 1 |a Mujumdar, Arun S.,  |e ed.  |4 edt 
700 1 |a Mashelkar, R. A.,  |e ed.  |4 edt 
650 4 |a Calor  |x Transferencia. 
650 4 |a Heat  |x Transfer. 
040 |a AR-BbSID  |b spa  |c AR-BbSID 
859 |a AR-BbSID  |b BIB. PLAPIQUI  |h 660.281  |i Ad 95  |p 2134  |t Ej. 1  |v Vol. 1  |3 Vol. 1 
859 |a AR-BbSID  |b BIB. PLAPIQUI  |h 660.281  |i Ad 95  |p 2135  |t Ej. 2  |v Vol. 1 Ej. 2  |3 Vol. 1 
859 |a AR-BbSID  |b BIB. PLAPIQUI  |h 660.281  |i Ad 95  |p 2136  |t Ej. 1  |v Vol. 2 Ej. 1  |3 Vol. 2 
859 |a AR-BbSID  |b BIB. PLAPIQUI  |h 660.281  |i Ad 95  |p 2137  |t Ej. 2  |v Vol. 2 Ej. 2  |3 Vol. 2